[Event "Juegos Univers 31st (Women) rapid op"]
[Site "Pereira"]
[Date "2024.10.02"]
[Round "4"]
[White "Castano Herrera, Saray"]
[Black "Echeverry Ramirez, Maria Yesenia"]
[Result "1/2-1/2"]
[WhiteElo "1865"]
[BlackElo "1876"]
[PlyCount "24"]
[EventDate "2024.10.01"]
[EventType "swiss"]
[EventRounds "7"]
[EventCountry "COL"]
[SourceTitle "EXT 2025"]
[Source "ChessBase"]
[SourceDate "2024.10.14"]
[SourceVersion "1"]
[SourceVersionDate "2024.10.14"]
[SourceQuality "1"]

1. c4 c5 2. Nc3 Nc6 3. g3 g6 4. Bg2 Bg7 5. e3 e6 6. Nge2 Nge7 7. 0-0 0-0 8. d4 cxd4 9. Nxd4 Nxd4 10. exd4 d5 11. cxd5 Nxd5 12. Nxd5 exd5 1/2-1/2

[Event "Juegos Univers 31st (Women) rapid op"]
[Site "Pereira"]
[Date "2024.10.02"]
[Round "5"]
[White "Echeverry Ramirez, Maria Yesenia"]
[Black "Manzano Gomez, Valentina"]
[Result "1-0"]
[WhiteElo "1876"]
[BlackElo "1803"]
[PlyCount "105"]
[EventDate "2024.10.01"]
[EventType "swiss"]
[EventRounds "7"]
[EventCountry "COL"]
[SourceTitle "EXT 2025"]
[Source "ChessBase"]
[SourceDate "2024.10.14"]
[SourceVersion "1"]
[SourceVersionDate "2024.10.14"]
[SourceQuality "1"]

1. e4 c5 2. Nf3 Nc6 3. Bb5 d6 4. 0-0 Bd7 5. c3 Nf6 6. Re1 a6 7. Bd3 g6 8. Bc2 Bg7 9. d4 cxd4 10. cxd4 0-0 11. Nc3 b5 12. h3 e5 13. Be3 Qe7 14. Qd2 Rac8 15. Rad1 Rfd8 16. d5 Na5 17. b3 Nb7 18. b4 Rc4 19. Bd3 Rxb4 20. Nb1 Rxe4 21. Bxe4 Nxe4 22. Qb2 Rc8 23. Qb4 Nec5 24. Bg5 f6 25. Be3 f5 26. Bg5 Qf7 27. Qh4 e4 28. Nd4 Qxd5 29. Nxb5 Qxa2 30. Nxd6 Nxd6 31. Rxd6 Bb5 32. Bf6 Nd3 33. Rd1 Qc2 34. Rf1 Qc5 35. Re6 Nxf2 36. Rxf2 e3 37. Rf3 e2+ 38. Kh2 e1Q 39. Qxe1 Qc7+ 40. Kh1 Bxf6 41. Rxf6 Qc1 42. Re3 Kg7 43. Rb6 Rc2 44. Re7+ Kh6 45. Rbb7 Qf4 46. Rxh7+ Kg5 47. h4+ Kg4 48. Qd1+ Re2 49. Nc3 Qf2 50. Nxe2 Bxe2 51. Rb4+ f4 52. Qd7+ Kg3 53. Qh3# 1-0

[Event "Juegos Univers 31st (Women) op"]
[Site "Pereira"]
[Date "2024.09.30"]
[Round "6"]
[White "Pedraza Aldana, Alexandra"]
[Black "Echeverry Ramirez, Maria Yesenia"]
[Result "1/2-1/2"]
[WhiteElo "1629"]
[BlackElo "1876"]
[PlyCount "79"]
[EventDate "2024.09.28"]
[EventType "swiss"]
[EventRounds "7"]
[EventCountry "COL"]
[SourceTitle "EXT 2025"]
[Source "ChessBase"]
[SourceDate "2024.10.14"]
[SourceVersion "1"]
[SourceVersionDate "2024.10.14"]
[SourceQuality "1"]

1. e4 e6 2. Nf3 d5 3. e5 c5 4. b4 d4 5. bxc5 Bxc5 6. Ba3 Qa5 7. Bxc5 Qxc5 8. c3 Nc6 9. cxd4 Nxd4 10. Qa4+ Nc6 11. Nc3 Bd7 12. Qf4 f6 13. Qg3 Nxe5 14. Qxg7 Ng6 15. Ne4 Qe7 16. Qxe7+ Kxe7 17. Nc5 Bc6 18. Bc4 Nf4 19. 0-0 e5 20. d4 Bxf3 21. gxf3 b6 22. Nb3 Rd8 23. dxe5 fxe5 24. Rfe1 Kf6 25. Re4 Ne7 26. Rae1 Neg6 27. R1e3 Rd1+ 28. Re1 Rxe1+ 29. Rxe1 Nh4 30. Re3 Rc8 31. Nd2 Rd8 32. Ne4+ Ke7 33. Bb3 Ne6 34. Nc3 Rf8 35. Bd1 Rf5 36. Nd5+ Kd6 37. Nc3 a6 38. Ne4+ Ke7 39. Ng3 Rg5 40. Re4 1/2-1/2

[Event "Juegos Univers 31st (Women) op"]
[Site "Pereira"]
[Date "2024.09.28"]
[Round "1"]
[White "Echeverry Ramirez, Maria Yesenia"]
[Black "Martinez Serna, Maria Luisa"]
[Result "1-0"]
[WhiteElo "1876"]
[BlackElo "1621"]
[PlyCount "75"]
[EventDate "2024.09.28"]
[EventType "swiss"]
[EventRounds "7"]
[EventCountry "COL"]
[SourceTitle "EXT 2025"]
[Source "ChessBase"]
[SourceDate "2024.10.14"]
[SourceVersion "1"]
[SourceVersionDate "2024.10.14"]
[SourceQuality "1"]

1. Nf3 Nf6 2. g3 g6 3. Bg2 Bg7 4. 0-0 d6 5. d4 0-0 6. c4 c5 7. d5 a6 8. Nc3 Nbd7 9. e4 Rb8 10. a4 Ng4 11. h3 Nge5 12. Nxe5 Nxe5 13. Qe2 f5 14. f4 Nf7 15. Ra3 e5 16. dxe6 Bxe6 17. exf5 Bxf5 18. g4 Bd7 19. Bd5 Qh4 20. Ne4 Bc6 21. Be6 Bd4+ 22. Kh2 Rbe8 23. Nxd6 Re7 24. Nxf7 Rfe8 25. f5 Rxf7 26. fxg6 Bg1+ 27. Rxg1 Rxe6 28. gxf7+ Kf8 29. Be3 Qf6 30. Bxc5+ Kxf7 31. Qf2 Qxf2+ 32. Bxf2 Re2 33. Kg3 Rxb2 34. Bd4 Rd2 35. Rf1+ Kg6 36. Rf6+ Kg7 37. Rxc6+ Rxd4 38. Rc7+ 1-0

[Event "Juegos Univers 31st (Women) blitz op"]
[Site "Pereira"]
[Date "2024.09.25"]
[Round "1"]
[White "Echeverry Ramirez, Maria Yesenia"]
[Black "Moreno Barajas, Diana Fernanda"]
[Result "1-0"]
[WhiteElo "1876"]
[BlackElo "1761"]
[PlyCount "61"]
[EventDate "2024.09.25"]
[EventType "swiss"]
[EventRounds "14"]
[EventCountry "COL"]
[SourceTitle "EXT 2025"]
[Source "ChessBase"]
[SourceDate "2024.10.14"]
[SourceVersion "1"]
[SourceVersionDate "2024.10.14"]
[SourceQuality "1"]

1. Nf3 d5 2. g3 Nf6 3. Bg2 e6 4. 0-0 b6 5. c4 c6 6. cxd5 cxd5 7. d3 h6 8. Nc3 Be7 9. Bf4 0-0 10. Rc1 Bb7 11. Nb5 Na6 12. d4 Ne8 13. a3 Nd6 14. Nxd6 Bxd6 15. Bxd6 Qxd6 16. Ne5 Rac8 17. Qd3 Rc7 18. Rxc7 Nxc7 19. Rc1 Rc8 20. Qf3 Qf8 21. Nd7 Qd6 22. Ne5 Qf8 23. e3 Nb5 24. Rxc8 Bxc8 25. Bf1 Nd6 26. Qd1 Qe7 27. Bd3 Ne8 28. Bb1 Qd6 29. Qd3 a5 30. Qh7+ Kf8 31. Qc2 1-0

[Event "Pereira U2000 op"]
[Site "Pereira"]
[Date "2024.07.18"]
[Round "1"]
[White "Otalvaro Vasquez, Camilo Andres"]
[Black "Echeverry Ramirez, Maria Yesenia"]
[Result "1-0"]
[WhiteElo "1673"]
[BlackElo "1902"]
[PlyCount "60"]
[EventDate "2024.07.17"]
[EventType "swiss"]
[EventRounds "10"]
[EventCountry "COL"]
[SourceTitle "EXT 2025"]
[Source "ChessBase"]
[SourceDate "2024.10.14"]
[SourceVersion "1"]
[SourceVersionDate "2024.10.14"]
[SourceQuality "1"]

1. e4 e6 2. d4 d5 3. e5 c5 4. c3 Nc6 5. Nf3 Qb6 6. a3 a5 7. Be2 Bd7 8. 0-0 a4 9. Re1 Na5 10. Nbd2 cxd4 11. Nxd4 Bc5 12. N2f3 Nb3 13. Ra2 Nxc1 14. Qxc1 Ne7 15. Qd2 Nc6 16. Bf1 0-0 17. Raa1 Na5 18. Rad1 Bc6 19. Bd3 h6 20. Qe2 Nc4 21. Bxc4 dxc4 22. Nxc6 bxc6 23. Rd2 Rfd8 24. Red1 Rxd2 25. Rxd2 Rd8 26. Rxd8+ Qxd8 27. Nd2 Qg5 28. g3 h5 29. Kg2 h4 30. Nf3 Qh5 1-0

[Event "COL Students-ch (Women)"]
[Site "Santa Fe"]
[Date "2023.09.23"]
[Round "2"]
[White "Echeverry Ramirez, Maria Yesenia"]
[Black "Gomez Saenz, Manuela"]
[Result "1-0"]
[WhiteElo "1898"]
[BlackElo "1447"]
[PlyCount "55"]
[EventDate "2023.09.23"]
[EventType "swiss"]
[EventRounds "6"]
[EventCountry "COL"]
[SourceTitle "CBM 216 Extra"]
[Source "ChessBase"]
[SourceDate "2023.11.30"]
[SourceVersion "1"]
[SourceVersionDate "2023.11.30"]
[SourceQuality "1"]

1. Nf3 Nf6 2. g3 g6 3. Bg2 Bg7 4. 0-0 0-0 5. c4 c5 6. Nc3 d6 7. d4 Nc6 8. d5 Nb8 9. e4 Nbd7 10. Rb1 Ne8 11. Be3 Nc7 12. Nd2 Ne5 13. h3 f5 14. f4 Nf7 15. e5 dxe5 16. Bxc5 e4 17. Nb3 Nd6 18. Bd4 e5 19. Bxe5 Bxe5 20. fxe5 Nxc4 21. Qd4 Nb6 22. Rbd1 Bd7 23. Nc5 Rb8 24. e6 Bb5 25. d6 Bxf1 26. e7 Qe8 27. exf8Q+ Qxf8 28. dxc7 1-0

[Event "COL-ch U26 (Women)"]
[Site "Cali"]
[Date "2022.09.29"]
[Round "4"]
[White "Toro Castaneda, Elizabeth"]
[Black "Echeverry Ramirez, Maria Yesenia"]
[Result "1-0"]
[WhiteElo "1972"]
[BlackElo "1898"]
[PlyCount "26"]
[EventDate "2022.09.28"]
[EventType "swiss"]
[EventRounds "6"]
[EventCountry "COL"]
[SourceTitle "CBM 210 Extra"]
[Source "ChessBase"]
[SourceDate "2022.11.30"]
[SourceVersion "1"]
[SourceVersionDate "2022.11.30"]
[SourceQuality "1"]

1. e4 c6 2. d4 d5 3. exd5 cxd5 4. c4 dxc4 5. Bxc4 e6 6. Nc3 Nf6 7. Nf3 a6 8. 0-0 Qc7 9. Bb3 Bd6 10. Bg5 Nbd7 11. Rc1 Qa5 12. d5 exd5 13. Nxd5 Kf8 1-0

[Event "COL-ch U26 (Women)"]
[Site "Cali"]
[Date "2022.09.28"]
[Round "1"]
[White "Echeverry Ramirez, Maria Yesenia"]
[Black "Gomez Saenz, Manuela"]
[Result "1-0"]
[WhiteElo "1898"]
[BlackElo "1478"]
[PlyCount "115"]
[EventDate "2022.09.28"]
[EventType "swiss"]
[EventRounds "6"]
[EventCountry "COL"]
[SourceTitle "CBM 210 Extra"]
[Source "ChessBase"]
[SourceDate "2022.11.30"]
[SourceVersion "1"]
[SourceVersionDate "2022.11.30"]
[SourceQuality "1"]

1. d4 Nf6 2. c4 c5 3. d5 b5 4. cxb5 a6 5. Nc3 d6 6. e4 g6 7. Nf3 Bg7 8. Bd3 0-0 9. 0-0 axb5 10. Bxb5 Qb6 11. a4 Na6 12. Nd2 Nc7 13. Nc4 Qa7 14. Be3 Bb7 15. f3 Qb8 16. Qd2 Rc8 17. Nb6 Nxb5 18. Nxb5 Ba6 19. Nxc8 Qxc8 20. Rfc1 Qb7 21. g4 Nd7 22. Kg2 Rb8 23. Rab1 Bxb5 24. axb5 Qxb5 25. b3 Ra8 26. b4 cxb4 27. Rxb4 Qa5 28. Rbc4 Qa6 29. Rc6 Qb7 30. Rc7 Qb5 31. Rc8+ Rxc8 32. Rxc8+ Nf8 33. h4 Qb7 34. Rc6 Nd7 35. Qc1 Ne5 36. Rc8+ Bf8 37. Bh6 Nd7 38. Bxf8 Nxf8 39. Rc7 Qb5 40. Rxe7 Qe2+ 41. Kg3 Kg7 42. h5 h6 43. Qc3+ Kg8 44. hxg6 Nxg6 45. Re8+ Kh7 46. Rc8 Qf1 47. Qc1 Qe2 48. Rc2 Qd3 49. Rh2 Qd4 50. Rxh6+ Kg8 51. Rh5 Kg7 52. Rf5 Kf8 53. g5 Kg7 54. Qh1 Ne7 55. Rf4 Qe5 56. Qh6+ Kg8 57. Qf6 Ng6 58. Qxf7+ 1-0

[Event "Bogota Humana op"]
[Site "Bogota"]
[Date "2012.12.07"]
[Round "5"]
[White "Rivera, Alberto"]
[Black "Echeverry Ramirez, Maria Yesenia"]
[Result "1-0"]
[WhiteElo "2357"]
[BlackElo "1886"]
[PlyCount "91"]
[EventDate "2012.12.05"]
[EventType "swiss"]
[EventRounds "9"]
[EventCountry "COL"]
[SourceTitle "EXT 2014"]
[Source "ChessBase"]
[SourceDate "2013.11.20"]
[SourceVersion "1"]
[SourceVersionDate "2013.11.20"]
[SourceQuality "1"]

1. d4 d5 2. c4 e6 3. Nc3 Nf6 4. Bg5 Be7 5. e3 0-0 6. Nf3 c6 7. Bd3 h6 8. Bh4 Re8 9. 0-0 Nbd7 10. Qe2 dxc4 11. Bxc4 c5 12. Rfd1 cxd4 13. Nxd4 Qb6 14. Bg3 a6 15. Nb3 Qa7 16. Bd3 b5 17. Rac1 Bb7 18. Na5 Rac8 19. Nxb7 Qxb7 20. a4 Nc5 21. axb5 Nxd3 22. Qxd3 axb5 23. Qxb5 Qxb5 24. Nxb5 Red8 25. Rxd8+ Rxd8 26. Nd4 Ne4 27. Nc6 Rd7 28. Nxe7+ Rxe7 29. Rc8+ Kh7 30. Rc7 Rxc7 31. Bxc7 Kg6 32. Kf1 Kf6 33. Ke2 Ke7 34. f3 Nc5 35. Be5 g6 36. Bd4 Na6 37. Kd3 Kd6 38. e4 f5 39. exf5 exf5 40. Be3 h5 41. Kc4 Kc6 42. Bf4 Nc5 43. b4 Ne6 44. b5+ Kb7 45. Be5 Kb6 46. h4 1-0

[Event "Bogota op 10"]
[Site "Bogota"]
[Date "2012.10.17"]
[Round "7"]
[White "Quinonez Lara, Maria Constanza"]
[Black "Echeverry Ramirez, Maria Yesenia"]
[Result "1/2-1/2"]
[WhiteElo "1755"]
[BlackElo "1872"]
[PlyCount "62"]
[EventDate "2012.10.11"]
[EventType "swiss"]
[EventRounds "9"]
[EventCountry "COL"]
[SourceTitle "EXT 2013"]
[Source "ChessBase"]
[SourceDate "2012.11.22"]
[SourceVersion "1"]
[SourceVersionDate "2012.11.22"]
[SourceQuality "1"]

1. e4 c5 2. Nc3 Nc6 3. f4 d6 4. Bb5 a6 5. Bxc6+ bxc6 6. Nf3 d5 7. 0-0 Bg4 8. Qe1 Bxf3 9. Rxf3 e6 10. d3 Nf6 11. Qg3 c4 12. Kh1 dxe4 13. dxe4 Nxe4 14. Qe1 Nxc3 15. bxc3 Be7 16. f5 e5 17. Be3 f6 18. Qe2 Qd5 19. Rd1 Qb5 20. Rff1 0-0 21. Qg4 Rf7 22. Rb1 Qa4 23. Qe4 Rc8 24. Ra1 Rb8 25. Rfb1 Rxb1+ 26. Rxb1 Qxa2 27. Rb8+ Rf8 28. Rxf8+ Bxf8 29. Qxc6 Qa1+ 30. Bg1 Qxc3 31. Qe6+ Kh8 1/2-1/2

[Event "Bogota op 10"]
[Site "Bogota"]
[Date "2012.10.14"]
[Round "4"]
[White "Echeverry Ramirez, Maria Yesenia"]
[Black "Lizarazo, Juan Carlos"]
[Result "0-1"]
[WhiteElo "1872"]
[BlackElo "2089"]
[PlyCount "40"]
[EventDate "2012.10.11"]
[EventType "swiss"]
[EventRounds "9"]
[EventCountry "COL"]
[SourceTitle "EXT 2013"]
[Source "ChessBase"]
[SourceDate "2012.11.22"]
[SourceVersion "1"]
[SourceVersionDate "2012.11.22"]
[SourceQuality "1"]

1. d4 Nf6 2. c4 e6 3. Nc3 Bb4 4. a3 Bxc3+ 5. bxc3 b6 6. e3 Bb7 7. f3 Nc6 8. Bd3 Na5 9. e4 d6 10. Nh3 Ba6 11. Nf2 Qd7 12. Qe2 Qa4 13. c5 Bxd3 14. Nxd3 dxc5 15. dxc5 Qc4 16. Be3 Rd8 17. Nb4 0-0 18. Qxc4 Nxc4 19. Bf2 Rd2 20. 0-0 Nh5 0-1

[Event "Bogota op 10"]
[Site "Bogota"]
[Date "2012.10.13"]
[Round "3"]
[White "Camargo, Santiago"]
[Black "Echeverry Ramirez, Maria Yesenia"]
[Result "1/2-1/2"]
[WhiteElo "2049"]
[BlackElo "1872"]
[PlyCount "55"]
[EventDate "2012.10.11"]
[EventType "swiss"]
[EventRounds "9"]
[EventCountry "COL"]
[SourceTitle "EXT 2013"]
[Source "ChessBase"]
[SourceDate "2012.11.22"]
[SourceVersion "1"]
[SourceVersionDate "2012.11.22"]
[SourceQuality "1"]

1. e4 c5 2. Nf3 Nc6 3. d4 cxd4 4. Nxd4 Nf6 5. Nc3 d6 6. Bc4 e6 7. Be3 a6 8. f3 Qc7 9. Bb3 b5 10. Qd2 Bb7 11. 0-0-0 Rc8 12. g4 Ne5 13. h4 Nc4 14. Bxc4 Qxc4 15. Nb3 Ba8 16. Qf2 Nd7 17. Bf4 e5 18. Be3 Be7 19. Rh2 Qc7 20. g5 Nc5 21. Nd5 Bxd5 22. Rxd5 Ne6 23. f4 exf4 24. Bxf4 Qc4 25. Qf3 Nc5 26. Bxd6 Bxd6 27. Rxd6 0-0 28. Nd4 1/2-1/2

[Event "Bogota op 10"]
[Site "Bogota"]
[Date "2012.10.12"]
[Round "2"]
[White "Echeverry Ramirez, Maria Yesenia"]
[Black "Pinilla, Diego Alexander"]
[Result "1-0"]
[WhiteElo "1872"]
[BlackElo "1695"]
[PlyCount "59"]
[EventDate "2012.10.11"]
[EventType "swiss"]
[EventRounds "9"]
[EventCountry "COL"]
[SourceTitle "EXT 2013"]
[Source "ChessBase"]
[SourceDate "2012.11.22"]
[SourceVersion "1"]
[SourceVersionDate "2012.11.22"]
[SourceQuality "1"]

1. d4 Nf6 2. c4 c5 3. d5 b5 4. cxb5 a6 5. bxa6 Bxa6 6. Nc3 g6 7. e4 Bxf1 8. Kxf1 d6 9. g4 Bg7 10. Kg2 0-0 11. h3 Nbd7 12. Nge2 Qb6 13. Ng3 Ne8 14. h4 Bd4 15. h5 c4 16. f4 e5 17. dxe6 fxe6 18. hxg6 hxg6 19. g5 Ng7 20. f5 exf5 21. Nd5 Qc5 22. Ne7+ Kf7 23. Nxg6 Kxg6 24. exf5+ Rxf5 25. Rh6+ Kf7 26. Nxf5 Qxf5 27. Qxd4 Qc2+ 28. Bd2 Ra5 29. Rf1+ Kg8 30. Kh1 1-0

[Event "Cartagena IRT op 4th"]
[Site "Cartagena"]
[Date "2012.06.17"]
[Round "6"]
[White "Narvaez Ramirez, Faber Alberto"]
[Black "Echeverry Ramirez, Maria Yesenia"]
[Result "1-0"]
[WhiteElo "2153"]
[BlackElo "1880"]
[PlyCount "101"]
[EventDate "2012.06.14"]
[EventType "swiss"]
[EventRounds "9"]
[EventCountry "COL"]
[SourceTitle "CBM 148 Extra"]
[Source "ChessBase"]
[SourceDate "2012.06.22"]
[SourceVersion "1"]
[SourceVersionDate "2012.06.22"]
[SourceQuality "1"]

1. e4 e6 2. d4 d5 3. Nc3 Bb4 4. e5 c5 5. a3 Ba5 6. b4 cxb4 7. Nb5 Ne7 8. axb4 Bxb4+ 9. c3 Ba5 10. Nd6+ Kf8 11. Qf3 Nf5 12. Nxc8 Nxd4 13. Qd3 Ndc6 14. Ba3+ Kg8 15. Ne7+ Nxe7 16. Bxe7 Qc7 17. Ne2 Qxe7 18. Rxa5 Nc6 19. Ra1 Nxe5 20. Qg3 Nc4 21. Rxa7 Rxa7 22. Qb8+ Qf8 23. Qxa7 Qc8 24. g3 h6 25. Bg2 Kh7 26. 0-0 Qc6 27. Nd4 Qc7 28. Rb1 Nd2 29. Rxb7 Qxc3 30. h4 Rf8 31. Rc7 Qb2 32. Kh2 Nc4 33. Nc6 Qf6 34. Kg1 Kg8 35. Qa2 Kh8 36. Bf1 Ne5 37. Nxe5 Qxe5 38. Qc2 Kg8 39. Bd3 Qa1+ 40. Kh2 Qa8 41. Qc5 Qb8 42. Kg2 Qa8 43. Bb1 Qb8 44. Qc2 f5 45. h5 Qb4 46. Qc1 Qg4 47. Qc6 f4 48. Qc2 f3+ 49. Kg1 Rf5 50. Rc8+ Kh7 51. Qd1 1-0

[Event "Cartagena IRT op 4th"]
[Site "Cartagena"]
[Date "2012.06.16"]
[Round "5"]
[White "Mosquera, Ariday"]
[Black "Echeverry Ramirez, Maria Yesenia"]
[Result "0-1"]
[WhiteElo "1638"]
[BlackElo "1880"]
[PlyCount "71"]
[EventDate "2012.06.14"]
[EventType "swiss"]
[EventRounds "9"]
[EventCountry "COL"]
[SourceTitle "CBM 148 Extra"]
[Source "ChessBase"]
[SourceDate "2012.06.22"]
[SourceVersion "1"]
[SourceVersionDate "2012.06.22"]
[SourceQuality "1"]

1. e4 c5 2. d4 cxd4 3. f4 Nc6 4. Nf3 d5 5. exd5 Qxd5 6. Nc3 Qd8 7. Nb5 Bg4 8. Bd3 a6 9. Na3 e6 10. 0-0 Nf6 11. Qe1 Bc5 12. Nc4 0-0 13. a3 b5 14. Ncd2 Nd5 15. Ne4 Bb6 16. Qg3 Bf5 17. Neg5 Bxd3 18. cxd3 h6 19. Ne4 Ne3 20. Rf2 Rc8 21. Nh4 Nf5 22. Nxf5 exf5 23. Nd2 Re8 24. Nf3 Ne7 25. Bd2 Nd5 26. Ne5 Ne3 27. h3 Rc7 28. Qf3 Qf6 29. g4 fxg4 30. Nxg4 Qg6 31. Bxe3 dxe3 32. Rg2 e2+ 33. Ne3 Bxe3+ 34. Kh2 Qf5 35. Rxe2 Bxf4+ 36. Kg2 0-1

[Event "Cartagena IRT op 4th"]
[Site "Cartagena"]
[Date "2012.06.14"]
[Round "1"]
[White "Echeverry Ramirez, Maria Yesenia"]
[Black "Lopez Hernandez, Carlos Manuel"]
[Result "0-1"]
[WhiteElo "1880"]
[BlackElo "2302"]
[PlyCount "66"]
[EventDate "2012.06.14"]
[EventType "swiss"]
[EventRounds "9"]
[EventCountry "COL"]
[SourceTitle "CBM 148 Extra"]
[Source "ChessBase"]
[SourceDate "2012.06.22"]
[SourceVersion "1"]
[SourceVersionDate "2012.06.22"]
[SourceQuality "1"]

1. d4 Nf6 2. c4 e6 3. Nc3 Bb4 4. a3 Bxc3+ 5. bxc3 c5 6. e3 0-0 7. Bd3 Nc6 8. f3 b6 9. Nh3 Ba6 10. Bb2 Na5 11. Qe2 Rc8 12. Rc1 Ne8 13. f4 Qh4+ 14. Nf2 Nd6 15. g3 Qe7 16. e4 Ndxc4 17. 0-0 b5 18. e5 Nxb2 19. Qxb2 d5 20. f5 exf5 21. Bxf5 Rc6 22. Bd3 cxd4 23. cxd4 Nc4 24. Qa2 Rfc8 25. Ra1 Qg5 26. Rfd1 h5 27. Qe2 h4 28. Nh3 Qe3+ 29. Qxe3 Nxe3 30. Re1 Nc2 31. Bxc2 Rxc2 32. Nf4 hxg3 33. hxg3 R8c3 0-1

[Event "Santander UDI University op U27"]
[Site "Santander"]
[Date "2012.03.30"]
[Round "3"]
[White "Quiroz Silva, Santiago"]
[Black "Echeverry Ramirez, Maria Yesenia"]
[Result "0-1"]
[WhiteElo "1456"]
[BlackElo "1884"]
[PlyCount "36"]
[EventDate "2012.03.29"]
[EventType "swiss"]
[EventRounds "9"]
[EventCountry "COL"]
[SourceTitle "CBM 147 Extra"]
[Source "ChessBase"]
[SourceDate "2012.04.24"]
[SourceVersion "1"]
[SourceVersionDate "2012.04.24"]
[SourceQuality "1"]

1. Nf3 c5 2. d4 cxd4 3. Nxd4 Nc6 4. e4 Nf6 5. Nc3 d6 6. Bb5 Bd7 7. f3 a6 8. Nxc6 bxc6 9. Bc4 Qb6 10. Bd2 e6 11. b3 d5 12. Na4 Qc7 13. exd5 cxd5 14. Bd3 Bd6 15. Be3 Bxa4 16. bxa4 Be5 17. Rb1 Qa5+ 18. Qd2 Bc3 0-1

[Event "Medellin op Experts"]
[Site "Medellin"]
[Date "2011.04.21"]
[Round "3.6"]
[White "Perdomo Olarte, Jefferson"]
[Black "Echeverry Ramirez, Maria Yesenia"]
[Result "1-0"]
[WhiteElo "1954"]
[BlackElo "1884"]
[PlyCount "57"]
[EventDate "2011.04.20"]
[EventType "swiss"]
[EventRounds "9"]
[EventCountry "COL"]
[SourceTitle "EXT 2024"]
[Source "ChessBase"]
[SourceDate "2023.10.10"]
[SourceVersion "1"]
[SourceVersionDate "2023.10.10"]
[SourceQuality "1"]

1. e4 e6 2. d4 d5 3. Nc3 Bb4 4. e5 c5 5. a3 Ba5 6. Qg4 Kf8 7. Bd2 a6 8. dxc5 Nd7 9. Nf3 Bxc3 10. Bxc3 Nxc5 11. Nd2 Ne7 12. h4 Nc6 13. 0-0-0 b5 14. Rh3 h5 15. Qf4 Qc7 16. Rg3 Ne7 17. Bb4 a5 18. Bxc5 Qxc5 19. Ne4 Qa7 20. Nd6 Nf5 21. Qg5 g6 22. Qf6 Rg8 23. Nxf5 exf5 24. Rxd5 Be6 25. Rd2 b4 26. Rgd3 Re8 27. Rd8 Qe7 28. Rxe8+ Kxe8 29. Bb5+ 1-0

[Event "Medellin op Experts"]
[Site "Medellin"]
[Date "2011.04.20"]
[Round "1.7"]
[White "Lopez Idarraga, Daniel Eduardo"]
[Black "Echeverry Ramirez, Maria Yesenia"]
[Result "1/2-1/2"]
[WhiteElo "1981"]
[BlackElo "1884"]
[PlyCount "96"]
[EventDate "2011.04.20"]
[EventType "swiss"]
[EventRounds "9"]
[EventCountry "COL"]
[SourceTitle "EXT 2024"]
[Source "ChessBase"]
[SourceDate "2023.10.10"]
[SourceVersion "1"]
[SourceVersionDate "2023.10.10"]
[SourceQuality "1"]

1. d4 d5 2. Nf3 e6 3. Bg5 Nf6 4. e3 Be7 5. Bd3 h6 6. Bh4 0-0 7. 0-0 c5 8. c3 b6 9. Ne5 Nfd7 10. Bxe7 Qxe7 11. f4 Nxe5 12. fxe5 Ba6 13. Bxa6 Nxa6 14. Nd2 Nb8 15. Qg4 Nc6 16. Nb3 Qc7 17. Rf3 Ne7 18. Raf1 Nf5 19. Nc1 Qe7 20. Nd3 Rac8 21. Nf4 Qh4 22. Qxh4 Nxh4 23. Rh3 Ng6 24. Nxg6 fxg6 25. Rhf3 Rxf3 26. Rxf3 a5 27. Kf2 b5 28. Ke2 b4 29. Kd3 bxc3 30. bxc3 c4+ 31. Kc2 Rb8 32. Rf1 a4 33. Rb1 Rxb1 34. Kxb1 a3 35. e4 g5 36. exd5 exd5 37. Kc1 Kf7 38. Kd2 Ke6 39. Ke3 g6 40. Kf3 Kf5 41. Kg3 Ke6 42. Kg4 Kf7 43. g3 Ke7 44. h4 gxh4 45. gxh4 Ke6 46. Kf4 Kf7 47. h5 g5+ 48. Kf5 Ke7 1/2-1/2

[Event "Bucaramanga Juegos Uni (Women)"]
[Site "Bucaramanga"]
[Date "2010.10.25"]
[Round "7.1"]
[White "Echeverry Ramirez, Maria Yesenia"]
[Black "Salcedo Paez, Diana"]
[Result "1/2-1/2"]
[WhiteElo "1862"]
[BlackElo "2005"]
[PlyCount "57"]
[EventDate "2010.10.22"]
[EventType "swiss"]
[EventRounds "7"]
[EventCountry "COL"]
[SourceTitle "EXT 2024"]
[Source "ChessBase"]
[SourceDate "2023.10.10"]
[SourceVersion "1"]
[SourceVersionDate "2023.10.10"]
[SourceQuality "1"]

1. d4 Nf6 2. c4 e6 3. Nc3 d5 4. cxd5 exd5 5. Bg5 c6 6. e3 Bd6 7. Bd3 0-0 8. Qc2 h6 9. Bh4 Be6 10. Nge2 Nbd7 11. Bg3 Qe7 12. Bxd6 Qxd6 13. Nf4 Rac8 14. Nxe6 fxe6 15. 0-0 e5 16. dxe5 Qxe5 17. Ne2 Ng4 18. Nf4 Ndf6 19. g3 Qd6 20. Bf5 Rce8 21. Ng6 Rf7 22. h3 Ne5 23. Nxe5 Rxe5 24. Rfd1 Qc7 25. Rac1 Ne4 26. Bxe4 Rxe4 27. Rxd5 Rxe3 28. Rd3 Rxd3 29. Qxd3 1/2-1/2

[Event "COL-ch sf (Women)"]
[Site "Medellin"]
[Date "2010.06.13"]
[Round "9"]
[White "Echeverry Ramirez, Maria Yesenia"]
[Black "Castro, Natalia Patricia"]
[Result "1-0"]
[WhiteElo "1855"]
[BlackElo "2011"]
[PlyCount "59"]
[EventDate "2010.06.07"]
[EventType "swiss"]
[EventRounds "9"]
[EventCountry "COL"]
[SourceTitle "CBM 136 Extra"]
[Source "ChessBase"]
[SourceDate "2010.07.02"]
[SourceVersion "2"]
[SourceVersionDate "2010.07.15"]
[SourceQuality "1"]

1. d4 f5 2. e4 fxe4 3. Nc3 Nf6 4. Bg5 d5 5. Bxf6 exf6 6. Qh5+ g6 7. Qxd5 Qxd5 8. Nxd5 Bd6 9. Nxf6+ Kf7 10. Nxe4 Re8 11. Bd3 Nc6 12. Ne2 Bf5 13. Nxd6+ cxd6 14. Bxf5 gxf5 15. c3 b5 16. Kd2 Rab8 17. Rhe1 b4 18. Rab1 Na5 19. b3 Nc6 20. c4 Re4 21. d5 Ne5 22. Ng3 Rd4+ 23. Kc2 Kf6 24. f4 Ng4 25. Re6+ Kf7 26. Nxf5 Rxf4 27. Nxd6+ Kg7 28. Rbe1 Nf6 29. g3 Rf2+ 30. R1e2 1-0